000
00330pab a2200145 454500
008
180718b1998 xxu||||| |||| 00| 0 eng d
100
_a
Parnami, K.K.
245
_a
Evolution and growth of training
260
_c
1998
300
_a
p.77-82
362
_a
Jan-Jun
650
_a
Training
773
_a
Prashasnika
909
_a
39899
999
_c
39899
_d
39899